| 000 | 00873nam a2200241 a 4500 | ||
|---|---|---|---|
| 001 | 000043136 | ||
| 003 | DO-SdBNP | ||
| 005 | 20240307073942.0 | ||
| 008 | 140220s 2012 dr r 000 0 spa d | ||
| 040 |
_aDO-SdBNP _bspa _cBNPHU |
||
| 082 | 4 |
_aBNPHU 378.1012 _bI59p, 2012 |
|
| 110 | 2 |
_aInstituto Tecnológico de Santo Domingo _978911 |
|
| 245 | 1 | 0 |
_aPolítica de postgrado : _baprobada en Consejo Académico mediante resolución No. 02-029/2011. |
| 260 |
_aSanto Domingo : _bINTEC, _c2012. |
||
| 300 |
_a38 p. ; _c22 cm. |
||
| 500 | _aIncluye referencias bibliográficas y notas al pie de páginas. | ||
| 504 | _aBibliografía : p. 38. | ||
| 590 | _aInventariado, 2018/BT | ||
| 610 | 0 |
_aINSTITUTO TECNOLÓGICO DE SANTO DOMINGO _vREGLAMENTOS _91629 |
|
| 650 | 1 | 4 |
_aUniversidades _vReglamentos _91627 |
| 910 | _aValidado. Control de calidad. MMOLINA | ||
| 942 |
_2ddc _cLBS1 |
||
| 999 |
_c42625 _d42625 |
||